Una eina de suport a la inversió local : presentació de dades 1995-1998 : va. Legislatura presentació de dades 1995-1998 :
Publicado:
Barcelona :
Diputació de Barcelona. Àrea de Cooperació. Servei de Cooperació Local ,
1999
Descripción Física:
12 p. : il., taules, map., gràf. : 30 x 32 cm
Materias:
Caixa de Crèdit de Cooperació Local
MARC
| LEADER | 00000nam a2200000Ia 4500 | ||
|---|---|---|---|
| 001 | 24405 | ||
| 008 | 160829s1999 xx 000 0 cat d | ||
| 080 | |a FU-66-6 | ||
| 110 | 2 | |a Caixa de Crèdit de Cooperació Local |9 54392 | |
| 245 | |a Una eina de suport a la inversió local : |b presentació de dades 1995-1998 : |b va. Legislatura | ||
| 260 | |a Barcelona : |b Diputació de Barcelona. Àrea de Cooperació. Servei de Cooperació Local, |c 1999 | ||
| 300 | |a 12 p. : |b il., taules, map., gràf. : |b 30 x 32 cm | ||
| 650 | 0 | |a Caixa de Crèdit de Cooperació Local |9 50486 | |
| 710 | 1 | |a Barcelona (Catalunya : Província). |b Servei de Cooperació Local |9 2991 | |
| 901 | |a Arxiu | ||
| 942 | |n 1 | ||
| 952 | |0 0 |1 0 |4 0 |6 FU666 |7 1 |9 56063 |a Arxiu |b Arxiu |d 2016-12-01 |l 0 |o FU-66-6 |p 24405 |r 2016-12-01 00:00:00 |w 2016-12-01 |y ARXIU | ||
| 999 | |c 59937 |d 59937 | ||